000 00419cam a2200169ua 4500
020 _cRs.8/-
041 _aeng
_h
082 _a332.4
_bRAJ/IN
100 _aRaj narain mathur, Rajnarian mathure .
245 _aIntroduction to money , exchange and money
260 _aNew Delhi :
_bS.Chand and Co ,
_c1962.
300 _a300 ; .
365 _aRs.8/-
504 _a
942 _cBK
999 _c11262
_d11262